| 000 | 00334nam a2200121 a 4500 | ||
|---|---|---|---|
| 005 | 20141022142009.0 | ||
| 008 | 120228s19uu xx 00 eng d | ||
| 050 |
_aCD-ROM _bK55 2006 |
||
| 100 | _aKilkenny, Shannon | ||
| 245 |
_aThe complete guide to successful event bplanning / _cShannon Kilkenny. |
||
| 260 | _c2006. | ||
| 942 | _cAVM | ||
| 999 |
_c276648 _d276648 |
||